NAPOO (Record no. 186829)

000 -LEADER
fixed length control field 00714 a2200169 4500
003 - CONTROL NUMBER IDENTIFIER
control field Nust
005 - DATE AND TIME OF LATEST TRANSACTION
control field 20230526100533.0
040 ## - CATALOGING SOURCE
Transcribing agency Nust
082 ## - DEWEY DECIMAL CLASSIFICATION NUMBER
Classification number 808.81, HAM
100 ## - MAIN ENTRY--PERSONAL NAME
Personal name Hamilton,helen
9 (RLIN) 112667
245 ## - TITLE STATEMENT
Title NAPOO
Statement of responsibility, etc. Helen hamilton
260 ## - PUBLICATION, DISTRIBUTION, ETC.
Place of publication, distribution, etc. London
Name of publisher, distributor, etc. Oxford b H
300 ## - PHYSICAL DESCRIPTION
Extent 98:p
505 ## - FORMATTED CONTENTS NOTE
Formatted contents note The Ghouls (Page-1), Prudes in a fright The Super – Patriot (Page-17), The knowing Watch –Dog (Page-27), The Grouser (Page-42), The Kill-Joys (Page-49), The Writer of patriotic Ad (Page-56) The Old Man Rampant (Page-56), Lord Feather nest (Page-73), Rum our The Dawdlers (Page-86), The Jingo Woman (Page- 92), The Wiseacre (Page-98), The Scold (Page-101).
650 ## - SUBJECT ADDED ENTRY--TOPICAL TERM
Topical term or geographic name entry element Short Story
942 ## - ADDED ENTRY ELEMENTS (KOHA)
Source of classification or shelving scheme
Koha item type Book
Holdings
Withdrawn status Lost status Source of classification or shelving scheme Damaged status Not for loan Permanent Location Current Location Shelving location Date acquired Full call number Barcode Date last seen Price effective from Koha item type Public note
          Military College of Signals (MCS) Military College of Signals (MCS) Fiction 12/12/2016 808.81,HAM MCS29969 12/08/2016 12/12/2016 Book Almirah No.56, Shelf No.2
© 2023 Central Library, National University of Sciences and Technology. All Rights Reserved.